000 00829cam a22002411 4500
999 _c1729
_d1729
003 OSt
005 20200921101611.0
008 861229s1972 mau b 000 0 eng
020 _a0669811335
040 _aDLC
_cKABLIB
_dKABLIB
082 0 0 _a428.2
_223
_bBRE
100 1 _aBrennan, Maynard J.
_q(Maynard James),
_d1921-
_94953
245 1 0 _aCompact Handbook of College Composition /
_cMaynard J. Brennan.
250 _a2d ed.
260 _aLexington, Mass.,
_bHeath & Co.,
_c[1972].
300 _aix, 158 p.
_c21 cm.
500 _aIncludes index.
504 _aIncludes bibliographical references.
650 0 _aEnglish language
_xRhetoric
_xHandbooks, manuals, etc.
_94954
650 0 _aEnglish language
_xGrammar
_xHandbooks, manuals, etc.
_94955
650 0 _aReport writing
_xHandbooks, manuals, etc.
_94956
942 _2ddc
_cBOOK